| 000 | 00905cam a2200265 i 4500 | ||
|---|---|---|---|
| 999 |
_c23725 _d23725 |
||
| 001 | 4171840 | ||
| 005 | 20170127093713.0 | ||
| 008 | 790420s1979 nyua b 001 0 eng | ||
| 010 | _a 79013333 | ||
| 020 | _a0807609277 | ||
| 040 |
_aDLC _cDLC _dDLC |
||
| 050 | 0 | 0 |
_aN7832 _b.S26 1979 |
| 100 | 1 |
_aSchapiro, Meyer, _d1904-1996. |
|
| 245 | 1 | 0 |
_aLate antique, early Christian and mediaeval art / _cMeyer Schapiro. |
| 260 |
_aNew York : _bG. Braziller, _c1979. |
||
| 300 |
_axvi, 414 p. : _bill. ; _c24 cm. |
||
| 490 | 1 |
_aSelected papers ; _v3 |
|
| 504 | _aIncludes bibliographical references and index. | ||
| 650 | 0 | _aArt, Early Christian. | |
| 650 | 0 | _aArt, Medieval. | |
| 800 | 1 |
_aSchapiro, Meyer, _d1904-1996. _tWorks. _kSelections. _f1977. _sBraziller ; _v3. |
|
| 942 |
_2lcc _cBOOKS _hN7832 .S26 1979 |
||